000 00909nam a2200217Ia 4500
001 19498
003 GE_BSU
008 181216s||||||||xx |||||||||||||| ||und||
040 _cGE_BSU
080 _a811.353.1'342
100 _aერთელიშვილი, ფარნაოზ
245 _aზმნური ფუძეების ფონემატური სტრუქტურისა და ისტორიის საკითხები ქართულში.
245 _cრედ:ლ.გეგუჩაძე
260 _bთბილ. უნ-ტის გამ-ბა,
260 _c1970
300 _a358გვ; 22სმ.
300 _bრეზუმე რუს. ენ.. - დანართი: გვ. 352-358. -
653 _aზმნური ფუძეები ქართულში;
653 _aქართული ენა
942 _cBK
999 _c52475
_d52475